Trzy największe miasta w każdej wspólnocie autonomicznej Hiszpanii - Statystyki

Ogólne statystyki
  • Ten quiz został rozwiązany 79 razy
  • Średni wynik to 20 z 53
Odpowiedzi na mapie
Odpowiedzi zakodowano w zielono-czerwonej skali na mapie do tego quizu, zgodnie z poniższymi procentami.
 
Statystyki odpowiedzi
Region Miasto Populacja % Poprawnych
Madryt Madryt 3 340 176
100%
Katalonia Barcelona 1 655 956
98%
Kraj Basków Bilbao 345 235
90%
Andaluzja Sewilla 684 164
90%
Walencja Walencja 804 121
87%
Aragonia Saragossa 683 949
77%
Andaluzja Malaga 587 068
76%
Baleary Palma de Mallorca 430 640
76%
Galicja A Coruña / La Coruña 247 350
71%
Kraj Basków Donostia / San Sebastián 188 136
66%
Galicja Vigo 294 910
66%
Wyspy Kanaryjskie Las Palmas de Gran Canaria 380 863
63%
Walencja Alicante 350 598
60%
Murcja Murcja 467 501
60%
Nawarra Pampeluna 206 233
60%
Miasto autonomiczne Ceuta 83 052
58%
Kastylia i Leon Valladolid 297 129
56%
Andaluzja Kordoba 324 418
55%
Asturia Oviedo 217 369
55%
Kantabria Santander 172 655
53%
Miasto autonomiczne Melilla 85 493
47%
Walencja Elche 238 285
44%
Asturia Gijón 268 948
39%
Baleary Ibiza 51 872
37%
Kastylia-La Mancha Toledo 85 818
35%
Kastylia-La Mancha Albacete 173 202
34%
Wyspy Kanaryjskie Santa Cruz de Tenerife 208 906
34%
Aragonia Huesca 53 938
32%
Estremadura Badajoz 150 716
27%
Katalonia L'Hospitalet de Llobregat 276 617
27%
Kraj Basków Vitoria-Gasteiz 255 423
27%
Kastylia i Leon Burgos 174 585
24%
Murcja Kartagena 218 196
18%
La Rioja Logroño 150 206
18%
Kastylia i Leon Salamanca 143 666
16%
Estremadura Mérida 59 563
13%
Katalonia Terrassa 225 274
13%
Madryt Móstoles 210 592
11%
Galicja Ourense / Orense 104 187
11%
Wyspy Kanaryjskie San Cristóbal de La Laguna 159 576
11%
Aragonia Teruel 36 155
8%
Madryt Alcalá de Henares 198 348
6%
Estremadura Cáceres 96 195
6%
Kastylia-La Mancha Guadalajara 88 886
6%
Nawarra Tudela 37 631
6%
La Rioja Arnedo 15 157
5%
Asturia Avilés 75 643
5%
La Rioja Calahorra 25 025
5%
Murcja Lorca 97 904
5%
Baleary Calvià 53 496
3%
Kantabria Torrelavega 51 232
3%
Kantabria Castro Urdiales 33 160
2%
Nawarra Egüés 22 152
2%
Nie znaleziono quizów pasujących do podanych kryteriów
Rozkład punktacji
Procent ludzi z każdym wynikiem
Percentyl według liczby udzielonych odpowiedzi
Twoja historia wyników
Nie rozwiązałeś tego quizu